000 00570nam a22001697a 4500
999 _c58233
_d58233
005 20211006135140.0
008 210927s2011 enk||||| |||| 00| 0 eng d
020 _a9781450276283
041 _aeng
080 _a37+808.025 W-82
100 _aWong, Ken K.
_912557
245 _aAvoiding Plagiarism :
_bWrite Better Papers in APA, Chicago, and Harvard Citation Styles /
_cKen K Wong.
264 _aBloomington :
_b iUniverse,
_c2011.
300 _a88 p.
_b23 ცმ.
653 _aპლაგიატის თავიდან აცილება
942 _2udc
_cBK